[Event "1st EUR-ch"]
[Site "Saint Vincent ITA"]
[Date "2000.07.10"]
[Round "7"]
[White "Simonenko, Sergei"]
[Black "Epishin, Vladimir"]
[Result "1-0"]
[WhiteElo "2465"]
[BlackElo "2567"]
[EventDate "2000.07.03"]
[PlyCount "155"]

1.d4 Nf6 2.Nf3 g6 3.g3 Bg7 4.Bg2 O-O 5.O-O d5 6.c4 dxc4 7.Na3 Ne8 8.Nxc4 
Nd6 9.Nce5 Nd7 10.Nxd7 Bxd7 11.Bf4 c6 12.Be5 Qb6 13.Bxg7 Kxg7 14.Qc1 Be6 
15.Qg5 Rae8 16.Qd2 Rd8 17.b4 Bd5 18.Rfd1 Rfe8 19.a3 Kg8 20.Qf4 a5 21.bxa5 
Qxa5 22.h4 Bxf3 23.Bxf3 Qf5 24.Qc1 e5 25.dxe5 Qxe5 26.Kg2 Nb5 27.e3 h5 28.
a4 Rxd1 29.Qxd1 Nd6 30.Ra3 Re6 31.Rd3 Kg7 32.Rd4 Rf6 33.a5 Nf5 34.Rb4 Nd6 
35.Qa4 Nf5 36.Rxb7 Qc3 37.Qf4 Qxa5 38.Rb8 Ne7 39.Qe4 Qc7 40.Re8 Nf5 41.Qa4
Nd6 42.Ra8 c5 43.Qa1 c4 44.Ra6 Qe7 45.Bd5 Ne8 46.Ra7 Nc7 47.Qa5 Rf5 48.
Qa1+ Rf6 49.Qd4 Qd6 50.Bxc4 Qc6+ 51.e4 Ne6 52.Bxe6 Qxe6 53.e5 Qc6+ 54.Kg1 
Re6 55.Kh2 Qb6 56.Qxb6 Rxb6 57.Kg2 Kf8 58.Kf3 Rb4 59.Ke3 Kg8 60.f3 Kf8 61.
Rd7 Ra4 62.Rd4 Ra5 63.Kf4 Ke7 64.Rd6 Ra4+ 65.Kg5 Ra5 66.Kf4 Ra4+ 67.Ke3 
Ra5 68.Kf4 Ra4+ 69.Kg5 Ra5 70.f4 Ra3 71.Kh6 Rxg3 72.Kg7 g5 73.hxg5 h4 74.
Rf6 h3 75.Rxf7+ Ke8 76.Rf8+ Ke7 77.Rh8 Rf3 78.g6 1-0

[Event "1st EUR-ch"]
[Site "Saint Vincent ITA"]
[Date "2000.07.10"]
[Round "7"]
[White "Solak, Dragan"]
[Black "Nadanian, Ashot"]
[Result "1/2-1/2"]
[WhiteElo "2490"]
[BlackElo "2413"]
[EventDate "2000.07.03"]
[PlyCount "49"]

1.e4 d5 2.exd5 Qxd5 3.Nc3 Qd6 4.d4 Nf6 5.Be2 a6 6.Bf3 h6 7.Nge2 g5 8.Be3 
Nc6 9.Ng3 g4 10.Be2 Bg7 11.Qd2 Be6 12.O-O O-O-O 13.Rfd1 h5 14.Qe1 h4 15.
Nge4 Nxe4 16.Nxe4 Qd5 17.Nc3 Qf5 18.Bd3 Qh5 19.Ne2 Bxd4 20.Nf4 Qh6 21.Bxd4
Nxd4 22.Nxe6 fxe6 23.Qe4 Qg7 24.c3 Nb5 25.Bxb5 1/2-1/2

[Event "1st EUR-ch"]
[Site "Saint Vincent ITA"]
[Date "2000.07.10"]
[Round "7"]
[White "Tiviakov, Sergei"]
[Black "Lobron, Eric"]
[Result "0-1"]
[WhiteElo "2608"]
[BlackElo "2530"]
[EventDate "2000.07.03"]
[PlyCount "98"]

1.e4 c5 2.Nf3 e6 3.d4 cxd4 4.Nxd4 Nc6 5.Nc3 Qc7 6.g3 a6 7.Bg2 d6 8.O-O Bd7
9.a4 Be7 10.Nxc6 Bxc6 11.Be3 Nf6 12.a5 Nd7 13.Na4 O-O 14.Nb6 Rae8 15.c4 
Nxb6 16.axb6 Qc8 17.Ra5 f5 18.Qd3 e5 19.exf5 Bxg2 20.Kxg2 Rxf5 21.Qe4 Bg5 
22.g4 Bxe3 23.gxf5 Bxb6 24.Ra3 Bd4 25.Rf3 Kh8 26.b3 Rf8 27.Rg1 a5 28.Kh1 
Qc6 29.Qg4 Rf7 30.Rg2 a4 31.bxa4 Qxc4 32.f6 g6 33.h4 Qc1+ 34.Rg1 Qc6 35.
Kh2 e4 36.Qe6 Be5+ 37.Kh3 Kg8 38.Re3 Kf8 39.Qg4 d5 40.h5 Rxf6 41.hxg6 Rxf2
42.Rg2 Rf6 43.Rb3 Qc1 44.Rg1 Qc2 45.Kh4 Qf2+ 46.Kh5 hxg6+ 47.Kh6 Qd2+ 48.
Kh7 Rf7+ 49.Kxg6 Rf6+ 0-1

[Event "1st EUR-ch"]
[Site "Saint Vincent ITA"]
[Date "2000.07.10"]
[Round "7"]
[White "Tregubov, Pavel"]
[Black "Hertneck, Gerald"]
[Result "1-0"]
[WhiteElo "2620"]
[BlackElo "2541"]
[EventDate "2000.07.03"]
[PlyCount "89"]

1.d4 Nf6 2.c4 c5 3.d5 b5 4.Nf3 bxc4 5.Nc3 Qa5 6.Nd2 Ba6 7.e4 d6 8.Nxc4 
Bxc4 9.Bxc4 Nxe4 10.Qg4 f5 11.Qxf5 Nxc3 12.Bd2 g6 13.Qe6 Bg7 14.O-O Nd7 
15.Rae1 O-O-O 16.Qxe7 Be5 17.Bxc3 Qc7 18.Bxe5 Nxe5 19.Ba6+ Kb8 20.Qxc7+ 
Kxc7 21.f4 Nd7 22.Re7 Rde8 23.Rfe1 Rxe7 24.Rxe7 Kd8 25.Rg7 Nb6 26.Rxa7 Re8
27.Rxh7 Re1+ 28.Kf2 Ra1 29.Rb7 Nxd5 30.Kf3 Nb4 31.Bc4 Rc1 32.Be6 Rf1+ 33.
Kg4 Rf2 34.g3 Rxh2 35.Rd7+ Ke8 36.Rxd6 Rxb2 37.Bc4 Rc2 38.Bb5+ Ke7 39.Rxg6
Rxa2 40.f5 Nd5 41.Re6+ Kf7 42.Kg5 Rc2 43.Rd6 Ne3 44.Rd7+ Kf8 45.Kg6 1-0

[Event "1st EUR-ch"]
[Site "Saint Vincent ITA"]
[Date "2000.07.10"]
[Round "7"]
[White "Vallejo Pons, Francisco"]
[Black "Salmensuu, Olli"]
[Result "1-0"]
[WhiteElo "2554"]
[BlackElo "2458"]
[EventDate "2000.07.03"]
[PlyCount "103"]

1.e4 c5 2.Nc3 Nc6 3.Nge2 g6 4.d4 cxd4 5.Nxd4 Bg7 6.Be3 Nf6 7.Bc4 O-O 8.Bb3
d6 9.f3 Bd7 10.Qd2 Qa5 11.h4 Rfc8 12.g4 Ne5 13.h5 Rc4 14.Nce2 Qxd2+ 15.
Bxd2 Rc5 16.hxg6 hxg6 17.Bh6 Bxh6 18.Rxh6 Kg7 19.Rh1 Nc4 20.Bxc4 Rxc4 21.
b3 Rcc8 22.c4 a6 23.Kd2 b5 24.cxb5 axb5 25.Nc2 Bxg4 26.fxg4 Nxe4+ 27.Kc1 
e5 28.Rd1 Ra6 29.Kb2 Nf2 30.Rd5 Nxg4 31.Rxb5 f5 32.Nb4 Ra7 33.a4 f4 34.a5 
Ne3 35.a6 Kf6 36.Nc3 Rh8 37.Ncd5+ Nxd5 38.Rxd5 Ke6 39.Rad1 Rd7 40.Nc6 e4 
41.b4 e3 42.R5d3 Kf5 43.b5 e2 44.Nd4+ Ke4 45.Nxe2 Rh2 46.Rd4+ Ke3 47.R1d3+
Kxe2 48.Rd2+ Ke3 49.Rd3+ Ke4 50.Rxh2 Kxd3 51.b6 Rd8 52.a7 1-0

[Event "1st EUR-ch"]
[Site "Saint Vincent ITA"]
[Date "2000.07.10"]
[Round "7"]
[White "Van der Weide, Karel"]
[Black "Miles, Anthony"]
[Result "0-1"]
[WhiteElo "2467"]
[BlackElo "2584"]
[EventDate "2000.07.03"]
[PlyCount "74"]

1.e4 Nf6 2.e5 Nd5 3.d4 d6 4.Nf3 dxe5 5.Nxe5 c6 6.Bc4 Nd7 7.Nf3 N7b6 8.Bb3 
Bg4 9.Nbd2 e6 10.O-O Be7 11.h3 Bh5 12.c3 O-O 13.Ne4 Bg6 14.Qe2 Nd7 15.Re1 
a5 16.a4 Re8 17.Bc4 Qc7 18.Bg5 Bxg5 19.Nexg5 h6 20.Ne4 Rad8 21.Rad1 N5b6 
22.Bb3 e5 23.Ng3 e4 24.Nh4 Bh7 25.Qh5 Nf6 26.Qxa5 Ra8 27.Qc5 Nxa4 28.Bxa4 
Rxa4 29.Nhf5 Bxf5 30.Nxf5 Re6 31.b4 b6 32.Qc4 b5 33.Qb3 Nd5 34.Ne3 Qd7 35.
Ra1 Rg6 36.Kh1 Nf4 37.Kh2 Rxg2+ 0-1

[Event "1st EUR-ch"]
[Site "Saint Vincent ITA"]
[Date "2000.07.10"]
[Round "7"]
[White "Yakovich, Yury"]
[Black "Lalic, Bogdan"]
[Result "1/2-1/2"]
[WhiteElo "2585"]
[BlackElo "2520"]
[EventDate "2000.07.03"]
[PlyCount "46"]

1.d4 Nf6 2.c4 e6 3.Nc3 Bb4 4.f3 c5 5.d5 d6 6.e4 O-O 7.Ne2 Nh5 8.g4 Qh4+ 9.
Kd2 Nf6 10.Qe1 Qxe1+ 11.Kxe1 Nbd7 12.Kf2 Ne5 13.Ng3 Ne8 14.Nd1 f5 15.gxf5 
exf5 16.exf5 Bxf5 17.Nxf5 Rxf5 18.f4 Nc7 19.Kg3 Ng6 20.Bd3 Rf6 21.Nf2 Ne7 
22.Ne4 Nf5+ 23.Kf2 Rff8 1/2-1/2

[Event "1st EUR-ch"]
[Site "Saint Vincent ITA"]
[Date "2000.07.11"]
[Round "8"]
[White "Alexandrov, Alexei"]
[Black "Gershon, Alik"]
[Result "1-0"]
[WhiteElo "2591"]
[BlackElo "2502"]
[EventDate "2000.07.03"]
[PlyCount "101"]

1.d4 Nf6 2.c4 e6 3.Nc3 Bb4 4.e3 O-O 5.Bd3 c5 6.a3 Bxc3+ 7.bxc3 Nc6 8.Ne2 
b6 9.e4 Ne8 10.O-O Ba6 11.f4 f5 12.Ng3 g6 13.Be3 cxd4 14.cxd4 d5 15.cxd5 
Bxd3 16.Qxd3 fxe4 17.Qxe4 Qxd5 18.Qxd5 exd5 19.Rac1 Rc8 20.f5 Nd6 21.fxg6 
hxg6 22.h4 Rxf1+ 23.Rxf1 Rf8 24.Ne2 Nc4 25.Bc1 b5 26.Nf4 Nxd4 27.Re1 Rxf4 
28.Bxf4 a5 29.Bc1 a4 30.Kf2 Kf7 31.g4 b4 32.axb4 Nc2 33.Kf1 a3 34.Ke2 Kg8 
35.Bd2 d4 36.Kd3 Nxd2 37.Kxd2 Nxb4 38.Ra1 a2 39.Kc1 g5 40.h5 Kg7 41.Kb2 
Nd3+ 42.Kxa2 Nf2 43.Rg1 d3 44.Kb3 d2 45.Kc2 d1=Q+ 46.Rxd1 Nxg4 47.Rd6 Nf2 
48.Rg6+ Kh7 49.Kd2 g4 50.Ke3 Nh3 51.Ke4 1-0

[Event "1st EUR-ch"]
[Site "Saint Vincent ITA"]
[Date "2000.07.11"]
[Round "8"]
[White "Anastasian, Ashot"]
[Black "Bellini, Fabio"]
[Result "1/2-1/2"]
[WhiteElo "2571"]
[BlackElo "2484"]
[EventDate "2000.07.03"]
[PlyCount "100"]

1.c4 e6 2.d4 d5 3.Nc3 Nf6 4.cxd5 exd5 5.Bg5 c6 6.e3 Bf5 7.Qf3 Bg6 8.Bxf6 
Qxf6 9.Qxf6 gxf6 10.h4 Nd7 11.Nge2 Bd6 12.h5 Bf5 13.f3 h6 14.Kf2 Rg8 15.
Nf4 Nf8 16.Rc1 Ke7 17.g4 Bh7 18.Ncxd5+ cxd5 19.Nxd5+ Kd8 20.Nxf6 Rg7 21.
Nxh7 Nxh7 22.Bd3 Nf6 23.Bf5 Ng8 24.f4 Ne7 25.Kf3 Nxf5 26.gxf5 Ke7 27.e4 
Rag8 28.e5 Rg2 29.Ke4 f6 30.Rh3 Rxb2 31.Rb3 Rxb3 32.exd6+ Kxd6 33.axb3 a5 
34.Rc2 Ra8 35.Kd3 b5 36.Rc5 a4 37.Kc2 axb3+ 38.Kxb3 Ra1 39.Kc2 Rf1 40.Rxb5
Rxf4 41.Kd3 Rf1 42.Rb6+ Kd5 43.Rxf6 Rf3+ 44.Ke2 Rf4 45.Rxh6 Kxd4 46.Rh8 
Ke5 47.h6 Rh4 48.h7 Kf6 49.Kf3 Kg7 50.Kg3 Kxh8 1/2-1/2

[Event "1st EUR-ch"]
[Site "Saint Vincent ITA"]
[Date "2000.07.11"]
[Round "8"]
[White "Bunzmann, Dimitrij"]
[Black "Ubezio, Marco"]
[Result "1-0"]
[WhiteElo "2484"]
[BlackElo "2209"]
[EventDate "2000.07.03"]
[PlyCount "89"]

1.d4 Nf6 2.c4 e5 3.dxe5 Ng4 4.Bf4 Nc6 5.Nf3 Bb4+ 6.Nbd2 Qe7 7.e3 Ngxe5 8.
Nxe5 Nxe5 9.Be2 Ng6 10.Bxc7 d5 11.Ba5 Bxa5 12.Qa4+ Bd7 13.Qxa5 d4 14.exd4 
Nf4 15.Qe5 Nxg2+ 16.Kd1 Qxe5 17.dxe5 O-O-O 18.Rg1 Bc6 19.Kc2 g6 20.Bf1 Nh4
21.Rg4 Nf5 22.Bd3 Rhe8 23.Re1 Bd7 24.Rgg1 Nd4+ 25.Kc3 Bc6 26.Rg4 Ne6 27.
Ne4 h5 28.Rgg1 Bxe4 29.Bxe4 Nf4 30.Bc2 Nh3 31.Rgf1 Nf4 32.Re4 g5 33.h4 f5 
34.exf6 Rxe4 35.Bxe4 gxh4 36.Re1 Rf8 37.Bf5+ Kd8 38.Re4 Ng2 39.Bh3 Rxf6 
40.Bxg2 Rxf2 41.Rd4+ Kc7 42.Bd5 h3 43.Rh4 h2 44.Rxh5 a5 45.Rh7+ 1-0

[Event "1st EUR-ch"]
[Site "Saint Vincent ITA"]
[Date "2000.07.11"]
[Round "8"]
[White "Conquest, Stuart"]
[Black "Yakovich, Yury"]
[Result "1-0"]
[WhiteElo "2529"]
[BlackElo "2585"]
[EventDate "2000.07.03"]
[PlyCount "75"]

1.e4 c5 2.Nc3 e6 3.Nf3 a6 4.d4 cxd4 5.Nxd4 d6 6.Be3 Nf6 7.f3 b5 8.Qd2 Nbd7
9.g4 Nb6 10.Qf2 Nfd7 11.Bd3 Bb7 12.O-O-O Rc8 13.Nce2 Be7 14.Kb1 O-O 15.g5 
d5 16.g6 hxg6 17.h4 Nc4 18.Bxc4 Rxc4 19.h5 g5 20.b3 Rc8 21.f4 dxe4 22.fxg5
Bxg5 23.Rhg1 Bxe3 24.Qxe3 Kh7 25.Nf4 Qc7 26.Nfxe6 fxe6 27.Rxg7+ Kxg7 28.
Nxe6+ Kh7 29.Nxc7 Rxc7 30.Qg5 Ne5 31.Qxe5 Rcf7 32.Qe6 Rf6 33.Rd7+ Kh6 34.
Qe5 R8f7 35.Rxf7 Rxf7 36.Qe6+ Kg7 37.h6+ Kf8 38.Qd6+ 1-0

[Event "1st EUR-ch"]
[Site "Saint Vincent ITA"]
[Date "2000.07.11"]
[Round "8"]
[White "David, Alberto"]
[Black "Romanishin, Oleg"]
[Result "1/2-1/2"]
[WhiteElo "2487"]
[BlackElo "2591"]
[EventDate "2000.07.03"]
[PlyCount "58"]

1.e4 e5 2.Nf3 Nc6 3.Bb5 a6 4.Ba4 Nf6 5.O-O Be7 6.Re1 d6 7.c3 O-O 8.h3 Nd7 
9.d4 Bf6 10.Be3 Nb6 11.Bb3 Re8 12.Nbd2 Na5 13.Bc2 Nac4 14.Nxc4 Nxc4 15.Bc1
b5 16.a4 Bb7 17.b3 Nb6 18.a5 Nd7 19.d5 Nf8 20.b4 c6 21.dxc6 Bxc6 22.Bb3 
Ne6 23.Ra2 Qc7 24.Rd2 Rad8 25.Nh2 Bg5 26.Rd3 Bxc1 27.Bxe6 Rxe6 28.Qxc1 Rg6
29.Nf3 Bb7 1/2-1/2

[Event "1st EUR-ch"]
[Site "Saint Vincent ITA"]
[Date "2000.07.11"]
[Round "8"]
[White "Efimov, Igor"]
[Black "Mittelman, Gur"]
[Result "1-0"]
[WhiteElo "2520"]
[BlackElo "2419"]
[EventDate "2000.07.03"]
[PlyCount "83"]

1.d4 Nf6 2.Nf3 g6 3.c4 Bg7 4.Nc3 O-O 5.e4 d6 6.Be3 e5 7.dxe5 dxe5 8.Qxd8 
Rxd8 9.Nd5 Na6 10.Bg5 Rd6 11.Bxf6 Bxf6 12.b4 c6 13.Nxf6+ Rxf6 14.a3 Nc7 
15.Be2 a5 16.b5 Bg4 17.b6 Bxf3 18.bxc7 Bxe2 19.Kxe2 Rc8 20.Rhd1 Rxc7 21.
Rd8+ Kg7 22.c5 b5 23.f3 Rb7 24.Rb1 Re6 25.Ra8 Ree7 26.Ra6 Rec7 27.Rd1 Kf8 
28.Rd6 b4 29.axb4 axb4 30.Rb6 b3 31.Rd3 Rxb6 32.cxb6 Rb7 33.Rxb3 Ke7 34.
Kd3 Kd7 35.Kc4 Kc8 36.Kc5 Rd7 37.Rb2 Kb7 38.Ra2 Rd1 39.Ra7+ Kb8 40.Rxf7 
Rd2 41.Rxh7 Rc2+ 42.Kd6 1-0

[Event "1st EUR-ch"]
[Site "Saint Vincent ITA"]
[Date "2000.07.11"]
[Round "8"]
[White "Epishin, Vladimir"]
[Black "Shirazi, Kamran"]
[Result "1-0"]
[WhiteElo "2567"]
[BlackElo "2414"]
[EventDate "2000.07.03"]
[PlyCount "69"]

1.d4 c6 2.Nf3 a6 3.e4 d5 4.Nc3 b5 5.Bd3 Bg4 6.h3 Bh5 7.Bg5 h6 8.Be3 e6 9.
g4 Bg6 10.Ne5 Ne7 11.Qe2 Nd7 12.Nxg6 Nxg6 13.O-O-O Bb4 14.exd5 cxd5 15.
Bxg6 fxg6 16.Bxh6 gxh6 17.Qxe6+ Kf8 18.Nxd5 Be7 19.Qxg6 Qe8 20.Qc6 Bg5+ 
21.Kb1 Rc8 22.Qd6+ Be7 23.Qxa6 Nb8 24.Qe6 Bg5 25.Qd6+ Kf7 26.h4 Rc6 27.Qa3
Bd8 28.Qf3+ Kg7 29.Nf4 Rf8 30.Rhe1 Qf7 31.d5 Qxf4 32.dxc6 b4 33.g5 hxg5 
34.hxg5 Nxc6 35.Qxc6 1-0

[Event "1st EUR-ch"]
[Site "Saint Vincent ITA"]
[Date "2000.07.11"]
[Round "8"]
[White "Everet, Alexander"]
[Black "Sax, Gyula"]
[Result "0-1"]
[WhiteElo "2348"]
[BlackElo "2563"]
[EventDate "2000.07.03"]
[PlyCount "66"]

1.g3 d5 2.Bg2 e5 3.d3 c6 4.e4 Nf6 5.Bg5 Nbd7 6.Ne2 Qb6 7.O-O dxe4 8.dxe4 
Qxb2 9.Nd2 h6 10.Bxf6 Nxf6 11.Nb3 Qa3 12.Qd3 Be6 13.Qc3 Nd7 14.Kh1 Qb4 15.
Qb2 Qa3 16.Qc3 Bb4 17.Qe3 Bc5 18.Qc3 Qb4 19.Qb2 Bc4 20.Rfd1 O-O-O 21.c3 
Qb5 22.Ng1 Nf6 23.Rxd8+ Rxd8 24.Rb1 Bb6 25.Re1 Ng4 26.Bh3 f5 27.Kg2 Kb8 
28.f3 Ne3+ 29.Kh1 Nd1 30.Qc2 Nf2+ 31.Kg2 fxe4 32.fxe4 Bd3 33.c4 Qb4 0-1

[Event "1st EUR-ch"]
[Site "Saint Vincent ITA"]
[Date "2000.07.11"]
[Round "8"]
[White "Fressinet, Laurent"]
[Black "Marcelin, Cyril"]
[Result "1-0"]
[WhiteElo "2536"]
[BlackElo "2433"]
[EventDate "2000.07.03"]
[PlyCount "55"]

1.d4 c5 2.d5 Nf6 3.Nc3 g6 4.e4 d6 5.f4 Bg7 6.Nf3 O-O 7.Bd3 Na6 8.O-O Nc7 
9.a4 a6 10.a5 Bd7 11.Qe1 Bb5 12.Qh4 Bxd3 13.cxd3 e6 14.f5 exf5 15.Bg5 Rb8 
16.exf5 b6 17.axb6 Rxb6 18.Nd2 Rxb2 19.Nde4 Nce8 20.Kh1 Rb4 21.Rf4 Qa8 22.
fxg6 fxg6 23.Bxf6 Nxf6 24.Rxf6 Bxf6 25.Nxf6+ Kg7 26.Qxh7+ Kxf6 27.Rf1+ Kg5
28.Qe7+ 1-0

[Event "1st EUR-ch"]
[Site "Saint Vincent ITA"]
[Date "2000.07.11"]
[Round "8"]
[White "Kempinski, Robert"]
[Black "Shevelev, Arkady"]
[Result "1-0"]
[WhiteElo "2498"]
[BlackElo "2354"]
[EventDate "2000.07.03"]
[PlyCount "81"]

1.d4 Nf6 2.c4 c5 3.d5 b5 4.Qc2 bxc4 5.e4 e6 6.Bxc4 exd5 7.exd5 Bd6 8.Nf3 
O-O 9.O-O Ng4 10.Bd3 h6 11.Nbd2 Qc7 12.h3 Ne5 13.Nxe5 Bxe5 14.Nc4 Ba6 15.
Re1 d6 16.Nxe5 dxe5 17.Bf5 Bb7 18.Qe4 Qd6 19.Qxe5 Qxd5 20.Qxd5 Bxd5 21.Rd1
Bb7 22.Be3 Na6 23.Rd6 Rfd8 24.Rad1 Rxd6 25.Rxd6 c4 26.Rd4 g6 27.Bg4 Nb4 
28.Rxc4 Nd3 29.Be2 Rd8 30.Bxh6 Ne1 31.Rc7 Bd5 32.Bc4 Bxc4 33.Rxc4 Rd1 34.
Kh2 Nd3 35.Rc8+ Kh7 36.Be3 g5 37.Rc7 Kg6 38.Rc6+ Kf5 39.b3 g4 40.hxg4+ 
Kxg4 41.Rf6 1-0

[Event "1st EUR-ch"]
[Site "Saint Vincent ITA"]
[Date "2000.07.11"]
[Round "8"]
[White "Krasenkow, Michal"]
[Black "Vallejo Pons, Francisco"]
[Result "1/2-1/2"]
[WhiteElo "2702"]
[BlackElo "2554"]
[EventDate "2000.07.03"]
[PlyCount "91"]

1.c4 c6 2.d4 d5 3.Nc3 Nf6 4.e3 e6 5.Nf3 Nbd7 6.Qc2 Bd6 7.g4 Bb4 8.Bd2 Qe7 
9.g5 Bxc3 10.Bxc3 Ne4 11.Rg1 b6 12.Bd3 Nxc3 13.Qxc3 dxc4 14.Be4 Bb7 15.
Qxc4 O-O 16.O-O-O f5 17.gxf6 Nxf6 18.Bc2 c5 19.d5 Nxd5 20.Ng5 h6 21.Qd3 
Nf6 22.Nh7 Rad8 23.Qg6 Rxd1+ 24.Rxd1 Rf7 25.Nxf6+ Rxf6 26.Qh7+ Kf7 27.Ba4 
Bd5 28.e4 Rf4 29.exd5 Rxa4 30.Rg1 Qf6 31.dxe6+ Ke7 32.Rxg7+ Kd6 33.e7 Qf4+
34.Kb1 Qe4+ 35.Qxe4 Rxe4 36.Kc2 Rxe7 37.Rxe7 Kxe7 38.Kd3 b5 39.Ke4 Ke6 40.
f4 h5 41.f5+ Kf6 42.Kd5 c4 43.Kc5 Kxf5 44.Kxb5 Kg4 45.Kxc4 Kh3 46.b4 
1/2-1/2

[Event "1st EUR-ch"]
[Site "Saint Vincent ITA"]
[Date "2000.07.11"]
[Round "8"]
[White "Kuczynski, Robert"]
[Black "Galkin, Alexander"]
[Result "1/2-1/2"]
[WhiteElo "2479"]
[BlackElo "2587"]
[EventDate "2000.07.03"]
[PlyCount "38"]

1.e4 c6 2.d4 d5 3.Nd2 dxe4 4.Nxe4 Nd7 5.Ng5 Ngf6 6.Bd3 e6 7.N1f3 Bd6 8.Qe2
h6 9.Ne4 Nxe4 10.Qxe4 Qc7 11.Qg4 Kf8 12.O-O c5 13.Qh4 b6 14.Be4 Rb8 15.b3 
Be7 16.Qf4 Bd6 17.Qh4 Be7 18.Qf4 Bd6 19.Qh4 Be7 1/2-1/2

[Event "1st EUR-ch"]
[Site "Saint Vincent ITA"]
[Date "2000.07.11"]
[Round "8"]
[White "Lalic, Bogdan"]
[Black "Beliavsky, Alexander"]
[Result "0-1"]
[WhiteElo "2520"]
[BlackElo "2654"]
[EventDate "2000.07.03"]
[PlyCount "94"]

1.e4 e5 2.Nf3 Nc6 3.Bb5 a6 4.Ba4 Nf6 5.O-O Be7 6.Re1 b5 7.Bb3 d6 8.c3 O-O 
9.d4 Bg4 10.d5 Na5 11.Bc2 Qc8 12.h3 Bd7 13.Nbd2 c6 14.dxc6 Qxc6 15.Nf1 
Rac8 16.Ne3 g6 17.a4 Nc4 18.axb5 axb5 19.Nxc4 bxc4 20.Bh6 Rfd8 21.Qe2 Ra8 
22.Rad1 Rdb8 23.Bc1 Nh5 24.Qd2 Ra5 25.Kh2 Qc8 26.Qe2 Ra2 27.Nd2 Be6 28.Nf1
Nf4 29.Qf3 Qc6 30.Ne3 Ra5 31.h4 Nh5 32.g3 Nf6 33.Qg2 Qc8 34.f3 Nh5 35.Rd2 
Bf8 36.Rf2 Qd8 37.Qg1 Bh6 38.Kg2 Ra1 39.Ng4 Bxc1 40.Rxc1 Ra2 41.Rb1 Rbxb2 
42.Rxb2 Rxb2 43.Qc1 Ra2 44.Qb1 Qa8 45.Ne3 Qa3 46.Qb4 Qc1 47.Qb1 Bh3+ 0-1

[Event "1st EUR-ch"]
[Site "Saint Vincent ITA"]
[Date "2000.07.11"]
[Round "8"]
[White "Lobron, Eric"]
[Black "Fedorov, Alexei"]
[Result "1/2-1/2"]
[WhiteElo "2530"]
[BlackElo "2646"]
[EventDate "2000.07.03"]
[PlyCount "100"]

1.e4 c5 2.Nc3 Nc6 3.Bb5 Nd4 4.Bc4 e6 5.Nf3 Ne7 6.d3 d5 7.Bb3 Nxb3 8.axb3 
Nc6 9.O-O d4 10.Ne2 Bd6 11.Ne1 O-O 12.f4 f5 13.e5 Bc7 14.g4 b5 15.Ng3 Bb7 
16.Rf2 Ne7 17.Bd2 Bb6 18.h3 Nd5 19.gxf5 exf5 20.Kh2 Rc8 21.Nf3 Ne3 22.Qe2 
c4 23.bxc4 bxc4 24.Rg1 Rc6 25.Nh5 Rg6 26.Bb4 Rxg1 27.Kxg1 cxd3 28.cxd3 Re8
29.Rg2 Nxg2 30.Qxg2 Re7 31.Bxe7 Qxe7 32.Qe2 Qe6 33.Kf2 Qd5 34.Ng3 g6 35.
Nf1 Ba5 36.N1d2 Bxd2 37.Nxd2 Qg2+ 38.Ke1 Qxh3 39.Qf2 Qxd3 40.Qh4 Qe3+ 41.
Kd1 Bf3+ 42.Nxf3 Qxf3+ 43.Kd2 Qe3+ 44.Kd1 Qg1+ 45.Kc2 g5 46.Qh6 Qg2+ 47.
Kb1 Qe4+ 48.Ka1 Qe1+ 49.Ka2 Qa5+ 50.Kb1 Qe1+ 1/2-1/2

[Event "1st EUR-ch"]
[Site "Saint Vincent ITA"]
[Date "2000.07.11"]
[Round "8"]
[White "Malakhov, Vladimir"]
[Black "Chernin, Alexander"]
[Result "1/2-1/2"]
[WhiteElo "2605"]
[BlackElo "2572"]
[EventDate "2000.07.03"]
[PlyCount "57"]

1.e4 e6 2.d3 c5 3.Nf3 d5 4.Nbd2 Bd6 5.g3 Nc6 6.Bg2 Nge7 7.O-O O-O 8.Re1 
Qc7 9.c3 d4 10.Nc4 e5 11.Nxd6 Qxd6 12.c4 f6 13.Qe2 Be6 14.Rf1 Qd7 15.Nd2 
Bg4 16.f3 Bh5 17.Rf2 a5 18.a4 Rae8 19.b3 Nb4 20.Nf1 Qd6 21.Bd2 Qd7 22.Re1 
Nec6 23.h4 h6 24.Bc1 Bg6 25.g4 Nd8 26.Ng3 Ne6 27.Qd1 Bh7 28.h5 Qc7 29.Ne2 
1/2-1/2

[Event "1st EUR-ch"]
[Site "Saint Vincent ITA"]
[Date "2000.07.11"]
[Round "8"]
[White "Markowski, Tomasz"]
[Black "Kharlov, Andrei"]
[Result "1-0"]
[WhiteElo "2568"]
[BlackElo "2627"]
[EventDate "2000.07.03"]
[PlyCount "71"]

1.g3 g6 2.Bg2 Bg7 3.c4 c5 4.Nc3 Nc6 5.Nf3 d6 6.O-O e5 7.d3 Nge7 8.Rb1 O-O 
9.a3 f5 10.Bg5 h6 11.Bxe7 Nxe7 12.Nd2 Rb8 13.Qa4 Bd7 14.Qxa7 e4 15.dxe4 f4
16.e5 Bxe5 17.Nd5 fxg3 18.hxg3 Nc6 19.Qb6 Nd4 20.Rfe1 Qg5 21.Ne4 Qh5 22.f4
Nxe2+ 23.Rxe2 Qxe2 24.fxe5 Bf5 25.Ndf6+ Kh8 26.Qxd6 Rbd8 27.Qe7 g5 28.Rf1 
Bg6 29.Nxc5 Rc8 30.Ncd7 Rf7 31.Qd6 Bd3 32.e6 Rg7 33.Nd5 Bxc4 34.Rf8+ Rg8 
35.Rxg8+ Kxg8 36.Ne7+ 1-0

[Event "1st EUR-ch"]
[Site "Saint Vincent ITA"]
[Date "2000.07.11"]
[Round "8"]
[White "Miljanic, Boro"]
[Black "Berg, Emanuel"]
[Result "0-1"]
[WhiteElo "2401"]
[BlackElo "2456"]
[EventDate "2000.07.03"]
[PlyCount "90"]

1.e4 e6 2.d4 d5 3.e5 c5 4.c3 Nc6 5.Nf3 Bd7 6.a3 f6 7.Bd3 fxe5 8.dxe5 Nh6 
9.O-O Nf7 10.Re1 g5 11.h3 Bg7 12.c4 d4 13.Nbd2 Qe7 14.Ne4 h6 15.b4 b6 16.
bxc5 bxc5 17.Ng3 O-O 18.Nh5 Nfxe5 19.Nxe5 Nxe5 20.Be4 Rab8 21.f4 Nxc4 22.
fxg5 hxg5 23.Qg4 Ne3 24.Bxe3 dxe3 25.Nxg7 Qxg7 26.Rad1 Rb3 27.Bd3 Rf4 28.
Qh5 c4 29.Bc2 Rb2 30.Bh7+ Kf8 31.Rxe3 Bc6 32.Rg3 Rff2 33.Be4 Bxe4 34.Rd8+ 
Ke7 35.Qe8+ Kf6 36.Qf8+ Qf7 37.Qh6+ Ke7 38.Qxg5+ Rf6 39.Rc8 Kd7 40.Rxc4 
Rf1+ 41.Kh2 Bxg2 42.Rc7+ Kxc7 43.Qe5+ Kd7 44.Rg7 Bd5+ 45.Qxb2 Rh1+ 0-1

[Event "1st EUR-ch"]
[Site "Saint Vincent ITA"]
[Date "2000.07.11"]
[Round "8"]
[White "Milov, Vadim"]
[Black "Tregubov, Pavel"]
[Result "1/2-1/2"]
[WhiteElo "2626"]
[BlackElo "2620"]
[EventDate "2000.07.03"]
[PlyCount "85"]

1.d4 d5 2.c4 e6 3.Nf3 c6 4.Qc2 Nf6 5.Bg5 h6 6.Bxf6 Qxf6 7.Nbd2 Nd7 8.e3 g6
9.Bd3 Bg7 10.O-O O-O 11.cxd5 exd5 12.b4 Qd6 13.Rab1 a5 14.a3 axb4 15.axb4 
b6 16.Rfc1 Bb7 17.e4 Rfc8 18.e5 Qe7 19.h4 Nf8 20.h5 g5 21.Nf1 g4 22.N3h2 
Ne6 23.Nxg4 Qg5 24.Qd1 Nxd4 25.Bh7+ Kxh7 26.Qxd4 Ba6 27.Nfe3 Be2 28.Re1 
Bxg4 29.Nxg4 Qxh5 30.Rb3 Re8 31.Rh3 Qf5 32.Rf3 Qh5 33.Nf6+ Bxf6 34.Rxf6 
Re6 35.Rxe6 fxe6 36.Qxb6 Rg8 37.Qxc6 Qg4 38.g3 Qxb4 39.Re3 Qg4 40.Qc2+ Qg6
41.Qxg6+ Rxg6 42.Kg2 h5 43.Kh3 1/2-1/2

[Event "1st EUR-ch"]
[Site "Saint Vincent ITA"]
[Date "2000.07.11"]
[Round "8"]
[White "Morovic, Ivan"]
[Black "Bauer, Christian"]
[Result "1/2-1/2"]
[WhiteElo "2608"]
[BlackElo "2562"]
[EventDate "2000.07.03"]
[PlyCount "65"]

1.c4 b6 2.d4 Bb7 3.Nc3 e6 4.a3 f5 5.d5 Nf6 6.Nf3 Na6 7.Bg5 Be7 8.e3 Nc5 9.
Nd4 a5 10.Be2 O-O 11.Bxf6 Bxf6 12.O-O a4 13.Bf3 Qc8 14.Qc2 c6 15.Rad1 g6 
16.Nde2 Ra5 17.Nc1 cxd5 18.cxd5 Ba6 19.Be2 Ne4 20.Bxa6 Rxa6 21.N1e2 Ra5 
22.dxe6 dxe6 23.Rc1 Bxc3 24.Nxc3 Nxc3 25.Qxc3 Qxc3 26.Rxc3 Rb5 27.Rb1 Rd8 
28.g3 Rd2 29.Rc4 Rbxb2 30.Rxb2 Rxb2 31.Rxa4 Ra2 32.Kg2 Kf7 33.Rb4 1/2-1/2

[Event "1st EUR-ch"]
[Site "Saint Vincent ITA"]
[Date "2000.07.11"]
[Round "8"]
[White "Nadanian, Ashot"]
[Black "Godena, Michele"]
[Result "0-1"]
[WhiteElo "2413"]
[BlackElo "2485"]
[EventDate "2000.07.03"]
[PlyCount "46"]

1.d4 d5 2.c4 c6 3.Nc3 e5 4.cxd5 cxd5 5.e4 dxe4 6.Bc4 exd4 7.Qb3 Nf6 8.
Bxf7+ Ke7 9.Nd5+ Kxf7 10.Nc7+ Kg6 11.Nxa8 Na6 12.Ne2 Bb4+ 13.Kf1 h6 14.a3 
Be7 15.Bd2 Nc5 16.Qg3+ Kh7 17.Rc1 e3 18.Bb4 Nce4 19.Qc7 Bxb4 20.axb4 Nxf2 
21.Rg1 d3 22.Nf4 Qxc7 23.Nxc7 d2 0-1

[Event "1st EUR-ch"]
[Site "Saint Vincent ITA"]
[Date "2000.07.11"]
[Round "8"]
[White "Odeev, Handszar"]
[Black "Macieja, Bartlomiej"]
[Result "1/2-1/2"]
[WhiteElo "2442"]
[BlackElo "2536"]
[EventDate "2000.07.03"]
[PlyCount "90"]

1.e4 c6 2.d4 d5 3.Nd2 dxe4 4.Nxe4 Nd7 5.Ng5 Ngf6 6.Bd3 e6 7.N1f3 Bd6 8.Qe2
h6 9.Ne4 Nxe4 10.Qxe4 Qc7 11.Qg4 Kf8 12.O-O c5 13.Bd2 e5 14.dxc5 Nxc5 15.
Bf5 h5 16.Qh3 Ne4 17.Rad1 g6 18.Bxc8 Rxc8 19.Ng5 Nxd2 20.Rxd2 Kg7 21.Ne4 
Rcd8 22.Nxd6 Rxd6 23.Qe3 Rxd2 24.Qxd2 Rd8 25.Qe2 Qa5 26.c3 f6 27.a3 Qd5 
28.Re1 b5 29.h3 a5 30.Kf1 Qd7 31.Kg1 Kf7 32.Qc2 a4 33.Qe2 Qd3 34.Kf1 Ke6 
35.Qxd3 Rxd3 36.Re4 Kd5 37.Rb4 Kc5 38.Ke2 Rd6 39.Re4 Rd5 40.Rb4 Rd6 41.Re4
g5 42.g4 h4 43.Rb4 Rd7 44.Re4 Rd5 45.Rb4 Rd7 1/2-1/2

[Event "1st EUR-ch"]
[Site "Saint Vincent ITA"]
[Date "2000.07.11"]
[Round "8"]
[White "Rasmussen, Karsten"]
[Black "Solak, Dragan"]
[Result "1/2-1/2"]
[WhiteElo "2417"]
[BlackElo "2490"]
[EventDate "2000.07.03"]
[PlyCount "60"]

1.e4 c5 2.Nf3 e6 3.c3 Nf6 4.e5 Nd5 5.d4 cxd4 6.cxd4 d6 7.Bc4 Be7 8.O-O O-O
9.Qe2 Bd7 10.Nc3 Nxc3 11.bxc3 Bc6 12.Bf4 dxe5 13.Nxe5 Bd5 14.Bd3 Nd7 15.c4
Nxe5 16.Bxe5 Bc6 17.Rad1 Bf6 18.d5 Ba4 19.Rb1 b6 20.Qe4 g6 21.f4 Be7 22.
dxe6 fxe6 23.Qf3 Rc8 24.Qh3 Qd7 25.Be2 Rfe8 26.Kh1 Bf8 27.Rbe1 Bb4 28.Rb1 
Bf8 29.Rbe1 Bb4 30.Rb1 Bf8 1/2-1/2